000 00990nam0a22003251 4500
001 RU\NLR\A1SV\44828
005 20251203171251.9
035 _a(NLR Aleph) 009726979
090 _a9894807
_c9894807
100 _a20021211d1925 u y0rusy50 ca
101 0 _arus
102 _aRU
200 1 _aВопросник по сметно-финансовому делу
_fСост. преп. Бухгалт. курсов при Омокрпрофобре Н.Н.Жуковским
210 _aОмск
_cУч. тип. Врубелев. худпромтехникума
_d[1925]
215 _a37 с.
_cтабл.
_d26 см
620 _dОмск
700 1 _aЖуковский
_bН.Н.
801 0 _aRU
_bNLR
_c20021211
852 _aNLR
_j17.150.7.178
852 _aNLR
_j17.150.7.178а
899 _aБАН
899 _aНГОНБ
899 _aООНБ
899 _aРКП
899 _aРГБ
899 _aНБ ТГУ
942 _cBOOK
980 _aNB
980 _aA1SV